000 00694nam a2200229Ia 4500
003 GCL
008 140319s9999 xx 000 0 ara d
040 _aGCL /
_cGCL
082 0 4 _a001.4
_bر ا
100 1 _aريمون طحان
245 1 0 _aاسس البحوث الجامعية اللغوية والادبية /
_cريمون طحان
700 1 _aدنيز بيطار طحان
300 _a300 ص
490 _aالمكتبة الجامعية
_v0
650 0 4 _aالمراجع
650 0 4 _aالجامعات والكليات
650 0 4 _aالبحث
650 0 4 _aالرسائل الجامعية
650 0 4 _aتصنيف
650 0 4 _aالمكتبات، علم
942 _2ddc
_cBK
999 _c42323
_d42323